| 000 | 00348nam a22001097a 4500 | ||
|---|---|---|---|
| 082 | _a338.9 PRO'U | ||
| 100 |
_aUNIDO, M _979029 |
||
| 245 | _aPROMOTION OF EXPERT ORIENTED INDUSTRIESBASED ON THE PROCEEDING OF THE INTERNATIONAL SYMPOSIUM ON INDUSTRIAL DEVELOPMENT DEC, 1967 | ||
| 260 |
_aNEWYORK _bUNITED NATIONS _c1969 |
||
| 300 | _a46P | ||
| 942 | _cBK | ||
| 999 |
_c584102 _d584102 |
||